| 000 | 00375nam a22001451a 4500 | ||
|---|---|---|---|
| 020 | _a9788173736224 | ||
| 082 |
_aR 398 _bNAN/F |
||
| 100 | _aNandini Sahu | ||
| 245 |
_aFolklore and the alternative modernities (vol.1)/ _cby Nandini Sahu |
||
| 260 |
_aNew Delhi: _bAuthors Press, _c2012. |
||
| 300 | _a271p. | ||
| 650 | _aFolklore | ||
| 650 | _aSocial Sciences | ||
| 942 | _cREF | ||
| 999 |
_c14842 _d14842 |
||